Escalafón General del Cuerpo Facultativo de Archiveros, Bibliotecarios y Arqueólogos en 1º de Agosto de 1929. (Record no. 59897)

MARC details
000 -LEADER
campo de control de longitud fija 00764nam a2200193 i 4500
001 - NÚMERO DE CONTROL
campo de control 59897
003 - IDENTIFICADOR DE NÚMERO DE CONTROL
campo de control ES-MaACL
005 - FECHA Y HORA DE LA ÚLTIMA TRANSACCIÓN
campo de control 20250811071123.0
007 - CAMPO FIJO DE DESCRIPCIÓN FÍSICA--INFORMACIÓN GENERAL
campo de control de longitud fija t|
008 - DATOS DE LONGITUD FIJA--INFORMACIÓN GENERAL
campo de control de longitud fija 031031s1929 sp ||||1| spa d
245 00 - MENCIÓN DEL TÍTULO
Título Escalafón General del Cuerpo Facultativo de Archiveros, Bibliotecarios y Arqueólogos en 1º de Agosto de 1929.
260 ## - PUBLICACIÓN, DISTRIBUCIÓN, ETC.
Lugar de publicación, distribución, etc. Madrid :
Nombre del editor, distribuidor, etc. Instituto Geográfico,
Fecha de publicación, distribución, etc. 1929.
300 ## - DESCRIPCIÓN FÍSICA
Extensión 180 p. ;
Dimensiones 12 cm.
500 ## - NOTA GENERAL
Nota general Precede al tít.: Ministerio de Instrucción Pública y Bellas Artes.
610 24 - PUNTO DE ACCESO ADICIONAL DE MATERIA--NOMBRE DE ENTIDAD CORPORATIVA
Nombre de entidad corporativa o nombre de jurisdicción como elemento de entrada Cuerpo Facultativo de Archiveros, Bibliotecarios y Arqueólogos-
Subdivisión de forma Escalafones.
9 (RLIN) 160831
710 1# - ENTRADA AGREGADA--NOMBRE DE ENTIDAD CORPORATIVA
Nombre de entidad corporativa o nombre de jurisdicción como elemento de entrada España.
Unidad subordinada Ministerio de Instrucción Pública y Bellas Artes
9 (RLIN) 226896
852 ## - LOCALIZACIÓN
Ubicación ES-MaACL
Número de control de estantería 1713-F-13
Holdings
Estatus retirado Estado de pérdida Estado de daño No para préstamo Colección Biblioteca de origen Biblioteca actual Ubicación en estantería Fecha de adquisición Fuente de adquisición Total de préstamos Signatura topográfica completa Código de barras Visto por última vez Precio de reemplazo Tipo de ítem Koha
        Colección de folletos Biblioteca del Ateneo de Madrid Biblioteca del Ateneo de Madrid Depósito folletos 17/01/2008     1713-F-13 1062819 23/02/2023 23/02/2023 Folleto